Language Quiz

Random Language or Spanish Quiz

Spanish Cinema Vocab Quiz Stats

 Plays Quiz not verified by Sporcle

Support Sporcle.
Go Orange.
Score 0/14 Timer 02:00
0 Plays Today
Spanish / English word Translation % Correct
To actActuar
78.6%
To directDirigir
70%
La pantallaThe screen
67.1%
To dub (a film)Doblar
64.3%
La banda sonoraThe sound track
60%
El argumentoThe plot
51.4%
To debutDebutar
50%
Spanish / English word Translation % Correct
El papel principalThe main role
41.4%
To play (the main character)Protagonizar
34.3%
El rodajeThe shooting
21.4%
El rodajeThe shooting
21.4%
Una companíaA production
18.6%
To be a box office successSer taquillero
8.6%
Un cinéfiloA cinophile
7.1%

You're not logged in!

Compare scores with friends on all Sporcle quizzes.
OR
Log In

From the Vault

5 by 5 Art by Century

by lolshortee

We're not saying that these are the top paintings of each century, but might as well be.
Remove Ads.
Support Sporcle.
Get the best of Sporcle when you Go Orange. This ad-free experience offers more features, more stats, and more fun while also helping to support Sporcle. Thank you for becoming a member.

Show Comments

Extras

Top Quizzes Today


Score Distribution

Your Account Isn't Verified!

In order to create a playlist on Sporcle, you need to verify the email address you used during registration. Go to your Sporcle Settings to finish the process.

Report this User

Report this user for behavior that violates our Community Guidelines.

Details: